Gares sur les lignes de Nantes à Pornic / St Gilles - Statistiques

Statistiques générales
  • Ce quiz a été pris 53 fois
  • Le résultat moyen est 10 sur 14
Statistiques - réponses
Embranchement Département Gare PK % Correct
0 Loire-Atlantique (44) Nantes 0
95%
1 Loire-Atlantique (44) Pornic 60
93%
0 Vendée (85) Saint-Gilles-Croix-de-Vie 87
79%
0 (44) Bouaye 19
74%
0 Loire-Atlantique (44) Sainte-Pazanne 30
74%
0 (44) Rezé-Pont-Rousseau 6
71%
1 (44) La Bernerie-en-Retz 52
67%
1 (44) Les Moutiers-en-Retz 49
67%
0 Vendée (85) Challans 63
64%
0 Loire-Atlantique (44) Machecoul 44
64%
0 (44) Port-Saint-Père - Saint-Mars-de-Coutais 24
64%
1 (44) Bourgneuf-en-Retz 45
55%
1 (44) Saint-Hilaire-de-Chaléons 35
52%
0 (85) Saint-Hilaire-de-Riez 85
45%
Aucun quiz correspondant
Distribution des résultats
% des personnes avec chaque résultat
Percentile par nombre de réponses
Votre historique - résultats
Vous n’avez pas pris ce quiz